Enfermedades infecciosas infantiles / (Registro nro. 13001)

Detalles MARC
000 -LIDER
fixed length control field 00574nam a22001937a 4500
003 - IDENTIFICACDOR DE NÚMERO DE CONTROL
control field DO-SdBNP
005 - DATE AND TIME OF LATEST TRANSACTION
control field 20171205110736.0
008 - ELEMENTOS DE LONGITUD FIJA
fixed length control field 171121b 1980 |||| 00| 0 spa d
040 ## - FUENTE DE CATALOGACIÓN
Agencia que crea de manera original el registro BPMSU
Idioma de catalogación spa
Agencia que realiza la transcripción BPMSU
082 ## - NÚMERO DE CLASIFICACIÓN DECIMAL DE DEWEY
Classification number xxxxxx
Item number xxxxxx
100 1# - ASIENTO PRINCIPAL -- NOMBRE PERSONAL
Nombre personal D. Nosov, S.
245 1# - MENCIÓN DE TITULO
Título Enfermedades infecciosas infantiles /
Mención de responsabilidad S. D. Nosov ; traducción Ana P. Scherba
260 ## - PUBLICACIÓN, DISTRIBUCIÓN, ETC. (PIE DE IMPRENTA)
Lugar de publicación, distribución, etc Moscú :
Nombre del editor, distribuidor, etc. Mir,
Fecha de publicación, distribución, etc 1980.
300 ## - DESCRIPCIÓN FÍSICA
Materiales especificados 446 p. :
Otros detalles físicos il. ;
Dimensiones 22 cm.
700 1# - ASIENTO SECUNDARIO -- NOMBRE PERSONAL
Nombre personal P. Scherba, Ana,
Mención de responsabilidad tr.
942 ## - ADDED ENTRY ELEMENTS (KOHA)
Source of classification or shelving scheme Dewey Decimal Classification
Koha item type Libros
945 ## - INFORMACIÓN DE PROCESAMIENTO LOCAL
Información de procesamiento local Inventariado extranjero / 2017 VM
956 ## - LOCAL ELECTRONIC LOCATION AND ACCESS (OCLC)
Nombre de host BTAVAREZ
Número de acceso 10
Información de compresión 20171121
Trayectoria 0038
Existencias
Withdrawn status Lost status Source of classification or shelving scheme Damaged status Not for loan Collection code Home library Current library Date acquired Total Checkouts Full call number Barcode Date last seen Price effective from Koha item type
    Dewey Decimal Classification     Colección General Biblioteca Pública Metropolitana Salomé Ureña Biblioteca Pública Metropolitana Salomé Ureña 11/21/2017   xxxxxx xxxxxx BPMSU17110316 11/21/2017 11/21/2017 Libros